| 000 | 00000nam##2200000za#4500 |
| 001 | 9.577766 |
| 003 | CaOODSP |
| 005 | 20231208112827 |
| 007 | cr ||||||||||| |
| 008 | 150406|2011||||xxc|||||o f|0| 0 eng|d |
| 040 | |aCaOODSP|beng |
| 043 | |an-cn--- |
| 086 | 1 |aPS82-3/11-5E-PDF |
| 110 | 1 |aCorrectional Service Canada. |bResearch Branch. |
| 245 | 14|aThe validity of self-reported drug use with male offenders / |h[electronic resource]|cprepared by Marguerite Ternes, Sara Johnson and John Weekes. |
| 260 | |bCorrectional Service Canada. |cOctober 2011. |
| 300 | |a1p.|breferences, table |
| 490 | 1 |aResearch snippet|vNumber 11-5 |
| 590 | |a13-25-Supp|b2013-10-28 |
| 775 | 08|tLa validité de la déclaration de consommation de drogues chez les délinquants de sexe masculin / |w(CaOODSP)9.606237 |
| 830 | #0|aResearch snippet ;|vNumber 11-5|w(CaOODSP)9.506659 |
| 856 | 40|ahttp://publications.gc.ca|qPDF|s169 KB|uhttps://publications.gc.ca/collections/collection_2013/scc-csc/PS82-3-11-5-eng.pdf|yNumber 11-5 |